[Event "Mittelfranken Landesliga Nord 2223"]
[Site "Mittelfranken"]
[Date "2023.04.23"]
[Round "9.8"]
[White "Paar, Johannes"]
[Black "Roesel, Gert"]
[Result "1-0"]
[WhiteElo "1974"]
[BlackElo "1782"]
[PlyCount "81"]
[EventDate "2022.10.09"]
[EventType "team-tourn"]
[EventRounds "9"]
[EventCountry "GER"]
[SourceTitle "EXT 2024"]
[Source "ChessBase"]
[SourceDate "2023.10.10"]
[SourceVersion "1"]
[SourceVersionDate "2023.10.10"]
[SourceQuality "1"]
[WhiteTeam "Schwandorf"]
[BlackTeam "Altensittenbach"]
[WhiteTeamCountry "GER"]
[BlackTeamCountry "GER"]

1. d4 Nf6 2. c4 e6 3. Nf3 d5 4. Nc3 Be7 5. Bg5 0-0 6. e3 c6 7. Rc1 Nbd7 8. Bd3 Re8 9. 0-0 Nf8 10. Ne5 N6d7 11. Bxe7 Qxe7 12. f4 f6 13. Nf3 b6 14. e4 Bb7 15. Re1 Qd6 16. e5 Qe7 17. Qe2 f5 18. cxd5 cxd5 19. Nb5 Red8 20. Rc7 Ba6 21. Rec1 Bxb5 22. Bxb5 a5 23. a3 h6 24. Qf2 Rab8 25. R1c6 Qe8 26. Qc2 Kh7 27. Rd6 Rdc8 28. Rdc6 Rxc7 29. Rxc7 Rd8 30. Qa4 Qe7 31. h3 Qe8 32. Kh2 Kg8 33. Ne1 Kf7 34. Nd3 Ke7 35. b4 Ra8 36. Bc6 Qd8 37. Rb7 Qc8 38. Qb5 Qd8 39. bxa5 Rxa5 40. Qb4+ Ke8 41. Rxb6 1-0

[Event "Mittelfrank Regionalliga Nord-Ost 2122"]
[Site "Mittelfranken"]
[Date "2022.03.20"]
[Round "4.8"]
[White "Roesel, Gert"]
[Black "Hofmann, Tim"]
[Result "0-1"]
[WhiteElo "1790"]
[BlackElo "1776"]
[PlyCount "66"]
[EventDate "2021.10.24"]
[EventType "team-tourn"]
[EventRounds "9"]
[EventCountry "GER"]
[SourceTitle "EXT 2024"]
[Source "ChessBase"]
[SourceDate "2023.10.10"]
[SourceVersion "1"]
[SourceVersionDate "2023.10.10"]
[SourceQuality "1"]
[WhiteTeam "Altensittenbach"]
[BlackTeam "Nuernberg Sued SW II"]
[WhiteTeamCountry "GER"]
[BlackTeamCountry "GER"]

1. e4 c6 2. d4 d5 3. exd5 cxd5 4. c4 Nf6 5. Nc3 Nc6 6. Nf3 e6 7. Bg5 Be7 8. Be2 dxc4 9. Bxc4 0-0 10. 0-0 a6 11. Re1 b5 12. Bb3 Bb7 13. a3 Na5 14. Bc2 Nc4 15. Rb1 Nd6 16. Qd3 g6 17. Ne5 Nd5 18. Bxe7 Qxe7 19. Nxd5 Bxd5 20. Qh3 Rac8 21. Rbc1 Rc7 22. Bb1 Rfc8 23. Rxc7 Rxc7 24. Qh6 Qf6 25. h4 Nf5 26. Bxf5 Qxf5 27. Rc1 Qe4 28. Nf3 Rxc1+ 29. Qxc1 Qg4 30. Ne1 Qxh4 31. Qd2 Qe4 32. f3 Qh4 33. Nd3 Qxd4+ 0-1

[Event "Mittelfrank Regionalliga Nord-Ost 2122"]
[Site "Mittelfranken"]
[Date "2021.11.14"]
[Round "2.8"]
[White "Albayrak, Nese Pinar"]
[Black "Roesel, Gert"]
[Result "1-0"]
[WhiteElo "1848"]
[BlackElo "1790"]
[PlyCount "53"]
[EventDate "2021.10.24"]
[EventType "team-tourn"]
[EventRounds "9"]
[EventCountry "GER"]
[SourceTitle "EXT 2024"]
[Source "ChessBase"]
[SourceDate "2023.10.10"]
[SourceVersion "1"]
[SourceVersionDate "2023.10.10"]
[SourceQuality "1"]
[WhiteTeam "Nuernberg Noris Tarrasch III"]
[BlackTeam "Altensittenbach"]
[WhiteTeamCountry "GER"]
[BlackTeamCountry "GER"]

1. e4 c5 2. Nf3 d6 3. d4 cxd4 4. Nxd4 Nf6 5. Nc3 g6 6. Be3 Bg7 7. f3 Nc6 8. Bc4 0-0 9. Bb3 Bd7 10. Qd2 Qa5 11. g4 Rfc8 12. h4 Ne5 13. h5 Nc4 14. Bxc4 Rxc4 15. hxg6 fxg6 16. 0-0-0 Rac8 17. Kb1 Rxc3 18. bxc3 Rc4 19. Nb3 Qa3 20. g5 Ra4 21. gxf6 Qxa2+ 22. Kc1 Be6 23. fxe7 Bxb3 24. e8Q+ Bf8 25. Qxf8+ Kxf8 26. Qxd6+ Kg8 27. Qd8+ 1-0

[Event "Regionalliga NO 1213"]
[Site "Bayern"]
[Date "2012.11.25"]
[Round "3.8"]
[White "Roesel, Gert"]
[Black "Kiefer, Johannes"]
[Result "0-1"]
[WhiteElo "1865"]
[BlackElo "1899"]
[PlyCount "56"]
[EventDate "2012.10.14"]
[EventType "team-tourn"]
[EventRounds "9"]
[EventCountry "GER"]
[SourceTitle "EXT 2015"]
[Source "ChessBase"]
[SourceDate "2014.11.20"]
[SourceVersion "1"]
[SourceVersionDate "2014.11.20"]
[SourceQuality "1"]
[WhiteTeam "Altensittenbach"]
[BlackTeam "Gunzenhausen"]
[WhiteTeamCountry "GER"]
[BlackTeamCountry "GER"]

1. e4 Nc6 2. Nf3 d5 3. exd5 Qxd5 4. Nc3 Qa5 5. d4 Bg4 6. Be2 0-0-0 7. 0-0 Bxf3 8. Bxf3 Nxd4 9. Be3 e5 10. Bxd4 exd4 11. Ne4 h6 12. a3 f5 13. Nd2 g5 14. b4 Qa6 15. b5 Qf6 16. a4 Ne7 17. a5 g4 18. Be2 Nd5 19. Bd3 Nc3 20. Qc1 h5 21. Qb2 h4 22. Nc4 f4 23. b6 Bc5 24. bxa7 Bxa7 25. a6 b6 26. Ra5 h3 27. Bf5+ Kb8 28. Bxg4 Qc6 0-1

[Event "Regionalliga NO 1112"]
[Site "Bayern"]
[Date "2011.12.11"]
[Round "4.7"]
[White "Bachstein, Dustin"]
[Black "Roesel, Gert"]
[Result "1-0"]
[WhiteElo "2041"]
[BlackElo "1849"]
[PlyCount "49"]
[EventDate "2011.10.02"]
[EventType "team-tourn"]
[EventRounds "9"]
[EventCountry "GER"]
[SourceTitle "EXT 2013"]
[Source "ChessBase"]
[SourceDate "2012.11.22"]
[SourceVersion "1"]
[SourceVersionDate "2012.11.22"]
[SourceQuality "1"]
[WhiteTeam "Erlangen"]
[BlackTeam "Altensittenbach"]
[WhiteTeamCountry "GER"]
[BlackTeamCountry "GER"]

1. e4 c5 2. Nf3 d6 3. d4 cxd4 4. Nxd4 Nf6 5. Nc3 g6 6. Be3 Bg7 7. f3 0-0 8. Qd2 Nc6 9. 0-0-0 Nxd4 10. Bxd4 Be6 11. Kb1 a6 12. g4 Nd7 13. Bxg7 Kxg7 14. h4 Ne5 15. Be2 f6 16. Nd5 Rc8 17. g5 Bxd5 18. exd5 fxg5 19. hxg5 Nxf3 20. Bxf3 Rxf3 21. Qd4+ Kg8 22. Rxh7 Kxh7 23. Rh1+ Kg8 24. Qh8+ Kf7 25. Rh7# 1-0

[Event "Mittelfranken-chTB1 0910"]
[Site "Mittelfranken"]
[Date "2010.03.14"]
[Round "8.7"]
[White "Roesel, Gert"]
[Black "Schatz, Werner"]
[Result "1/2-1/2"]
[WhiteElo "1898"]
[BlackElo "1952"]
[PlyCount "104"]
[EventDate "2009.10.11"]
[EventType "team-tourn"]
[EventRounds "9"]
[EventCountry "GER"]
[SourceTitle "EXT 2011"]
[Source "ChessBase"]
[SourceDate "2010.11.26"]
[SourceVersion "1"]
[SourceVersionDate "2010.11.26"]
[SourceQuality "1"]
[WhiteTeam "Altensittenbach"]
[BlackTeam "Lauf"]
[WhiteTeamCountry "GER"]
[BlackTeamCountry "GER"]

1. e4 g6 2. d4 Bg7 3. Be3 d6 4. c3 b6 5. Nf3 Nf6 6. Nbd2 Bb7 7. Qc2 Nbd7 8. Bd3 c5 9. dxc5 bxc5 10. 0-0 0-0 11. Rfe1 Bc6 12. Rab1 a5 13. Bg5 h6 14. Bh4 g5 15. Bg3 Nh5 16. Nf1 Nf4 17. Ne3 Ne5 18. Nxe5 dxe5 19. Bc4 e6 20. f3 Qe7 21. Red1 Rfd8 22. Bf2 h5 23. Rxd8+ Rxd8 24. Rd1 Rxd1+ 25. Qxd1 Bf8 26. Nf1 Kh7 27. Be3 Kh6 28. g3 Ng6 29. Qd2 f5 30. Qc2 f4 31. Bf2 g4 32. Be2 gxf3 33. Bxf3 h4 34. g4 Qb7 35. Nd2 a4 36. h3 Be7 37. b3 axb3 38. Qxb3 Qd7 39. Qc2 Ba4 40. Qb2 Kg7 41. Kg2 Kf7 42. Be2 f3+ 43. Kxf3 Nf4 44. Nc4 Bf6 45. Qd2 Qxd2 46. Nxd2 Nxh3 47. Bxc5 Ng5+ 48. Kg2 Bd8 49. Bd3 Bd1 50. Nc4 Kf6 51. Ne3 Bf3+ 52. Kh2 Nxe4 1/2-1/2

[Event "Mittelfranken-chTB1 0910"]
[Site "Mittelfranken"]
[Date "2009.11.22"]
[Round "3.8"]
[White "Roesel, Gert"]
[Black "Koerber, Thomas"]
[Result "0-1"]
[WhiteElo "1898"]
[BlackElo "1871"]
[PlyCount "62"]
[EventDate "2009.10.11"]
[EventType "team-tourn"]
[EventRounds "9"]
[EventCountry "GER"]
[SourceTitle "EXT 2011"]
[Source "ChessBase"]
[SourceDate "2010.11.26"]
[SourceVersion "1"]
[SourceVersionDate "2010.11.26"]
[SourceQuality "1"]
[WhiteTeam "Altensittenbach"]
[BlackTeam "Fuerth SF"]
[WhiteTeamCountry "GER"]
[BlackTeamCountry "GER"]

1. e4 c5 2. Nf3 d6 3. d4 cxd4 4. Nxd4 Nf6 5. Nc3 a6 6. a4 e6 7. Be2 Be7 8. 0-0 0-0 9. Be3 Nc6 10. Qd2 Qc7 11. f4 Re8 12. Nxc6 bxc6 13. a5 c5 14. Bf3 Rb8 15. b3 Bb7 16. Qd3 Red8 17. Qe2 d5 18. exd5 exd5 19. Bd2 Bd6 20. g3 Re8 21. Qd1 Ne4 22. Be1 Rbd8 23. Nxd5 Bxd5 24. Qxd5 Be5 25. Qc4 Bxa1 26. Qxa6 Re6 27. Qb5 Nd6 28. Qa4 Bd4+ 29. Kg2 Nf5 30. Bf2 Bxf2 31. Rxf2 Nd4 0-1

[Event "Regionalliga NO 0809"]
[Site "Bayern"]
[Date "2009.01.18"]
[Round "5.8"]
[White "Kappl, Peter"]
[Black "Roesel, Gert"]
[Result "1/2-1/2"]
[WhiteElo "1919"]
[BlackElo "1896"]
[PlyCount "67"]
[EventDate "2008.10.05"]
[EventType "team-tourn"]
[EventRounds "9"]
[EventCountry "GER"]
[SourceTitle "EXT 2020"]
[Source "ChessBase"]
[SourceDate "2019.10.17"]
[SourceVersion "1"]
[SourceVersionDate "2019.10.17"]
[SourceQuality "1"]
[WhiteTeam "Kareth Lappersdorf"]
[BlackTeam "Altensittenbach"]
[WhiteTeamCountry "GER"]
[BlackTeamCountry "GER"]

1. e4 c5 2. c3 d5 3. exd5 Qxd5 4. d4 Nc6 5. Nf3 Bg4 6. Be2 cxd4 7. cxd4 e6 8. 0-0 Nf6 9. Nc3 Qd6 10. Qa4 Qb4 11. Qxb4 Bxb4 12. Be3 0-0 13. Rfd1 Rfd8 14. h3 Bh5 15. g4 Bg6 16. Rac1 Rac8 17. Kg2 a6 18. Nh4 Nd5 19. Nxg6 Nxe3+ 20. fxe3 hxg6 21. Bf3 Be7 22. Na4 Na5 23. Nb6 Rxc1 24. Rxc1 Rb8 25. b3 Bd6 26. Kf2 f6 27. Ke2 Rd8 28. Rc2 Kf7 29. Nc4 Nxc4 30. bxc4 b6 31. Rb2 Rb8 32. Kd3 Ke7 33. a4 Kd7 34. Be4 1/2-1/2

[Event "Mittelfrankenliga-B2a 0506"]
[Site "Germany"]
[Date "2005.10.16"]
[Round "1.2"]
[White "Roesel, Gert"]
[Black "Balle, Alfred"]
[Result "1/2-1/2"]
[WhiteElo "1889"]
[BlackElo "1911"]
[PlyCount "92"]
[EventDate "2005.10.16"]
[EventType "team"]
[EventRounds "9"]
[EventCountry "GER"]
[SourceTitle "EXT 2007"]
[Source "ChessBase"]
[SourceDate "2006.11.23"]
[SourceVersion "1"]
[SourceVersionDate "2006.11.23"]
[SourceQuality "1"]

1. e4 c5 2. Nf3 e6 3. d4 cxd4 4. Nxd4 a6 5. Nc3 Bc5 6. Be3 Qc7 7. Qd2 Nf6 8. Be2 b5 9. Bf3 Bb7 10. Nb3 Bb4 11. Qd3 Nc6 12. 0-0 Ne5 13. Qd4 Nxf3+ 14. gxf3 Bd6 15. h3 Be5 16. Qc5 Qxc5 17. Bxc5 d5 18. exd5 Bxd5 19. Nxd5 Nxd5 20. c3 Nf4 21. Rad1 Nxh3+ 22. Kg2 Nf4+ 23. Kg1 Nd5 24. Rfe1 f6 25. Rxd5 exd5 26. f4 Kd7 27. fxe5 Rhe8 28. f4 Rac8 29. Bd4 fxe5 30. fxe5 Rc6 31. Re2 Rg6+ 32. Rg2 Rxg2+ 33. Kxg2 Kc6 34. Nc5 a5 35. Nd3 g5 36. b4 a4 37. Nc5 h6 38. Kg3 Rf8 39. e6 h5 40. Bg7 Rg8 41. e7 Rc8 42. Bf6 Rg8 43. Ne6 Kd7 44. Ng7 Rxg7 45. Bxg7 Kxe7 46. Kh3 Ke6 1/2-1/2

[Event "Landesliga Nord 0405"]
[Site "Bayern"]
[Date "2004.12.12"]
[Round "4.7"]
[White "Roesel, Gert"]
[Black "Jell, Klaus"]
[Result "0-1"]
[WhiteElo "1898"]
[BlackElo "2159"]
[PlyCount "114"]
[EventDate "2004.10.24"]
[EventType "team-tourn"]
[EventRounds "9"]
[EventCountry "GER"]
[SourceTitle "EXT 2008"]
[Source "ChessBase"]
[SourceDate "2007.11.25"]
[SourceVersion "1"]
[SourceVersionDate "2007.11.25"]
[SourceQuality "1"]
[WhiteTeam "Altensittenbach"]
[BlackTeam "Regensburg Fortuna II"]
[WhiteTeamCountry "GER"]
[BlackTeamCountry "GER"]

1. e4 e5 2. Nf3 Nc6 3. Bb5 a6 4. Ba4 Nf6 5. 0-0 b5 6. Bb3 Bb7 7. d3 Bc5 8. Be3 Bxe3 9. fxe3 d5 10. exd5 Nxd5 11. Bxd5 Qxd5 12. Nc3 Qd8 13. Qd2 0-0 14. e4 f6 15. Rf2 Nd4 16. Raf1 Nxf3+ 17. Rxf3 Qd4+ 18. Qf2 c5 19. Rh3 Rac8 20. Nd5 Bxd5 21. exd5 Qxd5 22. b3 Qd4 23. Rh4 Qxf2+ 24. Rxf2 Rfd8 25. Kf1 Rd4 26. Rh3 c4 27. dxc4 bxc4 28. Rc3 Kf7 29. Ke1 Ke6 30. Rff3 f5 31. bxc4 Rdxc4 32. Rxc4 Rxc4 33. Kd2 Ra4 34. a3 Rg4 35. g3 Rd4+ 36. Ke2 Rc4 37. Kd2 g5 38. Rb3 Rc6 39. Rb7 h6 40. Kd3 e4+ 41. Kd4 Rd6+ 42. Ke3 Ke5 43. Re7+ Re6 44. Rc7 f4+ 45. Ke2 fxg3 46. hxg3 Kf5 47. Rc3 Kg4 48. Re3 h5 49. c4 h4 50. gxh4 gxh4 51. Kf2 Kf4 52. Rh3 Ke5 53. Rxh4 Kd4 54. c5 Kd3 55. Rh3+ e3+ 56. Ke1 Rg6 57. Rh1 Rg2 0-1

[Event "Mittelfranken-chT 0405"]
[Site "Germany"]
[Date "2004.10.17"]
[Round "1.1"]
[White "Roesel, Gert"]
[Black "Lingg, Erich"]
[Result "1-0"]
[WhiteElo "1898"]
[BlackElo "1881"]
[PlyCount "67"]
[EventDate "2004.10.17"]
[EventType "team"]
[EventRounds "9"]
[EventCountry "GER"]
[SourceTitle "EXT 2007"]
[Source "ChessBase"]
[SourceDate "2006.11.23"]
[SourceVersion "1"]
[SourceVersionDate "2006.11.23"]
[SourceQuality "1"]

1. e4 c6 2. d4 d5 3. exd5 cxd5 4. c4 g6 5. Nc3 dxc4 6. Bxc4 Bg7 7. Be3 Nf6 8. Nge2 0-0 9. 0-0 Nc6 10. Qd2 Bd7 11. a3 a6 12. Rfd1 Rc8 13. Ba2 Na5 14. b3 b5 15. Rac1 Nb7 16. Ng3 Nd6 17. Bh6 Bf5 18. Bxg7 Kxg7 19. Qf4 h5 20. b4 Qd7 21. Qe5 Kh6 22. Nce2 Rxc1 23. Rxc1 Ng4 24. Qf4+ g5 25. Qd2 Bg6 26. h4 f6 27. f3 Rd8 28. hxg5+ fxg5 29. Rc5 Nf6 30. Qxg5+ Kh7 31. Nf4 Bf7 32. Bb1+ Kh8 33. Qh6+ Kg8 34. Rg5+ 1-0

[Event "Regionalliga NO 9798"]
[Site "Bayern"]
[Date "1998.??.??"]
[Round "?.6"]
[White "Dietrich, Reinhard"]
[Black "Roesel, Gert"]
[Result "1-0"]
[WhiteElo "2094"]
[BlackElo "1925"]
[PlyCount "81"]
[EventDate "1997.10.??"]
[EventType "team-tourn"]
[EventRounds "9"]
[EventCountry "GER"]
[SourceTitle "EXT 2020"]
[Source "ChessBase"]
[SourceDate "2019.10.17"]
[SourceVersion "1"]
[SourceVersionDate "2019.10.17"]
[SourceQuality "1"]
[WhiteTeam "Neutraubling"]
[BlackTeam "Altensittenbach"]
[WhiteTeamCountry "GER"]
[BlackTeamCountry "GER"]

1. e4 c5 2. Nf3 d6 3. d4 cxd4 4. Qxd4 Nc6 5. Bb5 Bd7 6. Bxc6 Bxc6 7. Nc3 Nf6 8. Bg5 e6 9. 0-0-0 Be7 10. Rhe1 0-0 11. Kb1 Rc8 12. Qd2 Qb6 13. Nd4 Rfe8 14. f3 a5 15. Be3 Qa6 16. g4 d5 17. g5 Nd7 18. exd5 exd5 19. Nf5 Bb4 20. Bd4 Bf8 21. Ne2 Ne5 22. Ng1 Ng6 23. f4 Bd7 24. Ne3 Nxf4 25. Qf2 Bd6 26. Rf1 Be6 27. h4 b5 28. Ne2 Nxe2 29. Qxe2 Qb7 30. Qg2 Bc5 31. h5 Bxd4 32. Rxd4 Red8 33. g6 hxg6 34. hxg6 fxg6 35. Qxg6 Bf7 36. Qg5 Qc6 37. Rg4 g6 38. Qh6 Qd6 39. Rh4 Qe5 40. Qh7+ Kf8 41. Qxf7# 1-0

[Event "Regionalliga NO 9798"]
[Site "Bayern"]
[Date "1998.??.??"]
[Round "?.6"]
[White "Roesel, Gert"]
[Black "Goessnitzer, Nicolas"]
[Result "1/2-1/2"]
[WhiteElo "1925"]
[BlackElo "1900"]
[PlyCount "27"]
[EventDate "1997.10.??"]
[EventType "team-tourn"]
[EventRounds "9"]
[EventCountry "GER"]
[SourceTitle "EXT 2020"]
[Source "ChessBase"]
[SourceDate "2019.10.17"]
[SourceVersion "1"]
[SourceVersionDate "2019.10.17"]
[SourceQuality "1"]
[WhiteTeam "Altensittenbach"]
[BlackTeam "Postbauer"]
[WhiteTeamCountry "GER"]
[BlackTeamCountry "GER"]

1. e4 e6 2. d4 d5 3. exd5 exd5 4. Bd3 Bd6 5. c3 Ne7 6. Ne2 Bf5 7. Bg5 Qd7 8. Bxe7 Bxe7 9. Bxf5 Qxf5 10. 0-0 Nd7 11. Nd2 0-0 12. Ng3 Qd3 13. Nf3 Qxd1 14. Raxd1 1/2-1/2